000 00629nam a2200205 i 4500
001 187073
003 SpMaBN
005 20250727021744.0
008 170410s1975 sp |||| | spa d
020 _a84-7317-057-1
080 _a39(04)
100 1 _aAlcina Franch, José.
_919548
245 1 0 _aEn torno a la antropología cultural /
_cpor José Alcina Franch.
260 _aMadrid :
_bJosé Porrua Turanzas,
_c[1975]
300 _a178 p. ;
_c22 cm.
504 _aBibliografía: p. 169-178.
650 7 _aAntropología cultural y social
_2embne
_99867
852 _aES-MaACL
_jL-31394
999 _c187073
_d187073